000 01016nam a22002897i 4500
999 _c22743
_d22743
003 AR-CdUCM
008 231027b20132013pe a|||| |||| 001 0 spa d
040 _aMUNICIPALIDAD PROVINCIAL DEL CUSCO
_cBIBLIOTECA MUNICIPAL DEL CUSCO
041 _hspa
082 _a610.7302 / A49
_bA49
100 _aÁlvarez Infantas, Lourdes Elcira
_949019
245 _aValoración del Estado de Salud :
_bLa salud es frágil /
260 _aSicuani-Cusco :
_c2013.
_bOFFSET "Ríos",
300 _a117 páginas. :
_c21 cm.
_bilustraciones ;
500 _z Bibliografía: página 117
505 _aExamen físico de salud -- Valoración física -- Auscultación -- Piel -- Cabeza --Cuello -- Boca -- Tórax -- Pulmones -- Oídos
650 _aValoración física
_949054
650 _aAudición
_913603
650 _aPiel
_949055
650 _aCuello
_949056
650 _aCabeza
_949057
650 _aUñas
_949058
650 _aCabello
_949059
650 _aBoca
_949060
942 _2ddc
_cLIBROS
945 _apebm
_d2023-10-27